00233nam a2200097Ia 4500008004100000041000800041100001700049245004600066260001500112300000800127230822s1999 xx 000 0 und d aeng aBUDHANANDA S aCAN ONE BE SCIENTIFIC AND YET SPIRITUAL ? bNULLc1999 a536